| 000 | 01309nac a22003251i 4500 | ||
|---|---|---|---|
| 003 | EG-ScBUE | ||
| 005 | 20260428092754.0 | ||
| 008 | 100810s1996 ua fr 000 00 ara d000056521 | ||
| 017 | _a1996 / 7207 | ||
| 020 | _a9770148539 | ||
| 040 |
_aEG-ScBUE _bara _erda _cEG-ScBUE _dEG-ScBUE |
||
| 041 | 1 |
_aara _heng |
|
| 082 | 0 | 4 |
_a575.10724 _bب ي ن _222 |
| 100 | 1 |
_aبينز، وليام، _d1955-، _eمؤلف. _917322 |
|
| 245 | 1 | 2 |
_aالهندسة الوراثية للجميع / _cوليم بنز ؛ ترجمة د. أحمد مستجير. |
| 264 | 1 |
_aالقاهرة : _bالهيئة المصرية العامة للكتاب، _c1996. |
|
| 300 |
_a171 صفحة ؛ _c18 سم. |
||
| 336 |
_2rdacontent _aنص _btxt |
||
| 337 |
_2rdamedia _aبدون وسيط _bn |
||
| 338 |
_2rdacarrier _aمجلد _bnc |
||
| 490 | 0 |
_aمكتبة الأسرة. _aالأعمال الفكرية |
|
| 541 |
_cDonations ; _aBibliotheca Alexandrina. |
||
| 546 | _aالنص باللغة الإنجليزية ؛ وقد تم ترجمته إلى العربية. | ||
| 650 | 7 |
_aالهندسة الوراثية. _2BUEsh _916950 |
|
| 650 | 7 |
_aالوراثة. _2BUEsh _916693 |
|
| 653 |
_bENGGEN _cNovember2022 |
||
| 655 | _vReading book | ||
| 700 | 1 |
_aمستجير، أحمد، _d1934-2006، _eمترجم. _917323 |
|
| 942 |
_cBB _2ddc |
||
| 999 |
_c6820 _d6820 |
||